00267nam a2200109Ia 4500008004100000245004200041260002200083440000600105521002200111942000700133999001700140140130s9999 xx 000 0 und d cGiblin, James CrossaThomas Jefferson bScholastic,c1994 v1 aGrade 4 - Grade 7 cBK c41170d41170